[Event "Madrid Oliver Gonzalez Memorial 2nd"]
[Site "Madrid"]
[Date "2011.10.13"]
[Round "6"]
[White "Sanchez Lopez, Pedro"]
[Black "Bolea Olivan, Jose Angel"]
[Result "0-1"]
[WhiteElo "1572"]
[BlackElo "1870"]
[PlyCount "38"]
[EventDate "2011.10.08"]
[EventType "swiss"]
[EventRounds "9"]
[EventCountry "ESP"]
[SourceTitle "CBM 144 Extra"]
[Source "ChessBase"]
[SourceDate "2011.10.28"]
[SourceVersion "1"]
[SourceVersionDate "2011.10.28"]
[SourceQuality "1"]

1. e4 c5 2. Nf3 e6 3. d4 cxd4 4. Nxd4 a6 5. Nc3 Qc7 6. Be3 Bb4 7. Bd2 Nf6 8. f3 Nc6 9. Nb3 d5 10. exd5 exd5 11. Qe2+ Be6 12. 0-0-0 0-0 13. Kb1 Rac8 14. Rc1 b5 15. g4 d4 16. Ne4 Nxe4 17. fxe4 Bxd2 18. Nxd2 Bxa2+ 19. Ka1 Qa5 0-1

[Event "Madrid Oliver Gonzalez Memorial 2nd"]
[Site "Madrid"]
[Date "2011.10.11"]
[Round "4"]
[White "Vazquez Torres, Adrian"]
[Black "Bolea Olivan, Jose Angel"]
[Result "1-0"]
[WhiteElo "2148"]
[BlackElo "1870"]
[PlyCount "99"]
[EventDate "2011.10.08"]
[EventType "swiss"]
[EventRounds "9"]
[EventCountry "ESP"]
[SourceTitle "CBM 144 Extra"]
[Source "ChessBase"]
[SourceDate "2011.10.28"]
[SourceVersion "1"]
[SourceVersionDate "2011.10.28"]
[SourceQuality "1"]

1. e4 c5 2. Nf3 e6 3. b3 Nc6 4. Bb5 Be7 5. Bb2 Nf6 6. Nc3 0-0 7. e5 Ng4 8. Qe2 Nb4 9. 0-0 a6 10. Bd3 Nxd3 11. Qxd3 d5 12. exd6 Qxd6 13. Qxd6 Bxd6 14. Ne4 Be7 15. Rfe1 Bd7 16. h3 Nf6 17. Ne5 Rad8 18. Nxd7 Rxd7 19. Nxf6+ Bxf6 20. Bxf6 gxf6 21. d3 b5 22. a4 b4 23. Re4 Rd5 24. Rae1 h5 25. R1e3 Rd4 26. f4 Rfd8 27. f5 e5 28. Kf2 Kh7 29. Kf3 Kh6 30. h4 Rg8 31. Kf2 Rgd8 32. g3 Rg8 33. Kf3 Rgd8 34. Re1 a5 35. Rg1 Rxe4 36. Kxe4 Rd4+ 37. Kf3 e4+ 38. dxe4 Rd2 39. Rg2 Rd1 40. Ke2 Rd8 41. Ke3 c4 42. bxc4 Rb8 43. c5 b3 44. cxb3 Rxb3+ 45. Kd4 Rb4+ 46. Kd5 Rxa4 47. c6 Ra1 48. Rc2 Rd1+ 49. Kc5 Rd8 50. c7 1-0

[Event "Galapagar op 10th"]
[Site "Galapagar"]
[Date "2009.07.18"]
[Round "1"]
[White "Bolea Olivan, Jose Angel"]
[Black "Perez Gonzalez, Jose Manuel"]
[Result "0-1"]
[WhiteElo "1879"]
[BlackElo "2307"]
[PlyCount "70"]
[EventDate "2009.07.18"]
[EventType "swiss"]
[EventRounds "9"]
[EventCountry "ESP"]
[SourceTitle "EXT 2010"]
[Source "ChessBase"]
[SourceDate "2010.11.25"]
[SourceVersion "1"]
[SourceVersionDate "2010.11.25"]
[SourceQuality "1"]

1. d4 Nf6 2. c4 c5 3. d5 b5 4. cxb5 a6 5. f3 axb5 6. e4 Qa5+ 7. Bd2 b4 8. Na3 d6 9. Nc4 Qd8 10. Bg5 Nbd7 11. Nh3 g6 12. Bd3 Bg7 13. 0-0 0-0 14. Qd2 Nb6 15. Nf2 Nxc4 16. Bxc4 Ba6 17. Bxa6 Rxa6 18. Bh6 Bxh6 19. Qxh6 Qa8 20. a3 bxa3 21. bxa3 Rxa3 22. Rxa3 Qxa3 23. f4 Qe3 24. Kh1 Rb8 25. Qh4 c4 26. e5 dxe5 27. d6 Qxf4 28. Qxf4 exf4 29. dxe7 Nd5 30. Re1 Nxe7 31. h4 Nf5 32. Rc1 Rb2 33. Nh3 f3 34. Rxc4 Ng3+ 35. Kg1 Rxg2# 0-1